000 00379nam a2200133Ia 4500
008 211109s9999||||xx |||||||||||||| ||und||
082 _a658.84
_bVAK-F
100 _aVakil, C N,
245 0 _aFalling Rupee: A Study In War Finance And Luflation School Of E
260 _bBobban T Theckel
_aChanganacherry
_c1943
630 _xGeneral Stack
650 _xGeneralia
942 _cBOOK
999 _c10020
_d10020